Paradigm Shift in Technological Advancement in Librarianship (Record no. 3130)

MARC details
000 -LEADER
fixed length control field 00370nam a22001337a 4500
008 - FIXED-LENGTH DATA ELEMENTS--GENERAL INFORMATION
fixed length control field 230627b |||||||| |||| 00| 0 eng d
020 ## - INTERNATIONAL STANDARD BOOK NUMBER
International Standard Book Number 9788172337452
082 ## - DEWEY DECIMAL CLASSIFICATION NUMBER
Classification number 025.00285
100 ## - MAIN ENTRY--PERSONAL NAME
Personal name SWAIN,N.K. and others
245 ## - TITLE STATEMENT
Title Paradigm Shift in Technological Advancement in Librarianship
260 ## - PUBLICATION, DISTRIBUTION, ETC.
Place of publication, distribution, etc. Jodhpur
Name of publisher, distributor, etc. Scientific Pub.
Date of publication, distribution, etc. 2011
300 ## - PHYSICAL DESCRIPTION
Extent 507p
942 ## - ADDED ENTRY ELEMENTS (KOHA)
Source of classification or shelving scheme Dewey Decimal Classification
Koha item type Book
Holdings
Withdrawn status Lost status Source of classification or shelving scheme Damaged status Not for loan Home library Current library Shelving location Date acquired Source of acquisition Cost, normal purchase price Full call number Barcode Date last seen Copy number Price effective from Koha item type Public note
    Dewey Decimal Classification     RIC Library RIC Library General Stacks 06/27/2023 HCM,RIPA 2250.00 025.00285 SWAP 002265 06/27/2023 1   Book R-3.1

Venue

Rajasthan International Centre
Sansthan Path,JLN Marg, Jaipur- 302017
Phone: +91-7230904025